000 00922nam0a22002411 4500
001 rc\2674579
005 20230511133448.0
035 _a(NLR Aleph) 006803094
090 _a6264413
_c6264413
100 _a20110915d1932 |||y0rusy50 ca
101 0 _arus
102 _aRU
105 _aa z |||||
200 1 _aСтандартные методы профилирования грунтовых дорог сельскохозяйственного значения
_fИнж. мех. А. В. Майстрах
210 _aМосква
_aЛенинград
_cГострансиздат
_d1932
_e[Москва]
_gтип. "Пролет. слово"
215 _aОбл., 135 с., 1 с. объявл., 1 вкл. л. черт.
_cил.
_d23х15 см.
700 1 _aМайстрах
_bА. В.
801 0 _aRU
_bNLR
_gpsbo
801 1 _aRU
_bELAR
_2rusmarc
852 _aNLR
_j32-4/1577
942 _cBOOK
980 _aNB